Every Pokemon Game(That I Could Remember) - Statistics

General Stats
  • This quiz has been taken 10 times
  • The average score is 16 of 101
Answer Stats
Hint Answer % Correct
Gen 1 Pokemon Red
100%
Gen 1 Pokemon Blue
80%
Gen 6 Pokemon Y
80%
Mobile Pokemon GO
60%
Gen 2 Pokemon Crystal
40%
Gen 2 Pokemon Gold
40%
Gen 1 Pokemon Green
40%
Gen 4 Pokemon HeartGold
40%
Gen 3 Pokemon Ruby
40%
Gen 3 Pokemon Sapphire
40%
Gen 2 Pokemon Silver
40%
Gen 4 Pokemon SoulSilver
40%
Gen 6 Pokemon X
40%
Detective Detective Pikachu
20%
Snap New Pokemon Snap
20%
Gen 6 Pokemon Alpha Sapphire
20%
Gen 5 Pokemon Black
20%
Gen 5 Pokemon Black 2
20%
Gen 8 Pokemon Brilliant Diamond
20%
Assorted Pokemon Conquest
20%
Assorted Pokemon Dash
20%
Gen 4 Pokemon Diamond
20%
Gen 3 Pokemon Emerald
20%
Gen 3 Pokemon Fire Red
20%
Storage Pokemon Home
20%
Gen 3 Pokemon Leaf Green
20%
Gen 8 Pokemon Legends: Arceus
20%
Gen 9 Pokemon Legends: Z-A
20%
Gen 7/8 Pokemon Let's Go Eevee
20%
Gen 7/8 Pokemon Let's Go Pikachu
20%
Gen 7 Pokemon Moon
20%
Mystery Dungeon Pokemon Mystery Dungeon: Blue Rescue Team
20%
Mystery Dungeon Pokemon Mystery Dungeon: Explorers of Darkness
20%
Mystery Dungeon Pokemon Mystery Dungeon: Explorers of Sky
20%
Mystery Dungeon Pokemon Mystery Dungeon: Explorers of Time
20%
Mystery Dungeon Pokemon Mystery Dungeon: Red Rescue Team
20%
Gen 6 Pokemon Omega Ruby
20%
Gen 4 Pokemon Pearl
20%
Pinball Pokemon Pinball
20%
Pinball Pokemon Pinball: Ruby & Sapphire
20%
Gen 4 Pokemon Platinum
20%
Puzzle League Pokemon Puzzle Challenge
20%
Puzzle League Pokemon Puzzle League
20%
Ranger Pokemon Ranger
20%
Rumble Pokemon Rumble
20%
Gen 9 Pokemon Scarlet
20%
Gen 8 Pokemon Shield
20%
Gen 8 Pokemon Shining Pearl
20%
Snap Pokemon Snap
20%
Stadium Pokemon Stadium
20%
Stadium Pokemon Stadium 2
20%
Gen 7 Pokemon Sun
20%
Gen 8 Pokemon Sword
20%
Trozei Pokemon Trozei!
20%
Gen 7 Pokemon Ultra Moon
20%
Gen 7 Pokemon Ultra Sun
20%
Gen 9 Pokemon Violet
20%
Gen 5 Pokemon White
20%
Gen 5 Pokemon White 2
20%
Stadium Pokemon XD: Gale of Darkness
20%
Gen 1 Pokemon Yellow: Special Pikachu Edition
20%
Detective Detective Pikachu Returns
0%
Assorted Hey You, Pikachu!
0%
Assorted Learn with Pokemon: Typing Adventure
0%
Storage My Pokemon Ranch
0%
Assorted Pokemate
0%
Assorted Pokemon Art Academy
0%
Storage Pokemon Bank
0%
Stadium Pokemon: Battle Revolution
0%
Trozei Pokemon Battle Trozei
0%
Cafe Pokémon Cafe Mix
0%
Cafe Pokémon Cafe ReMix
0%
Assorted Pokemon Card GB2: Here Comes Team Rocket
0%
Assorted Pokemon Channel
0%
Stadium Pokemon Colosseum
0%
Assorted Pokemon Duel
0%
Mobile Pokemon: Magikarp Jump
0%
Mobile Pokemon Masters
0%
Mobile Pokemon Masters EX
0%
Mystery Dungeon Pokemon Mystery Dungeon: Advance! Fire Adventure Team
0%
Mystery Dungeon Pokemon Mystery Dungeon: Aim! Light Adventure Team
0%
Mystery Dungeon Pokemon Mystery Dungeon: Gates to Infinity
0%
Mystery Dungeon Pokemon Mystery Dungeon: Go! Storm Adventure Team
0%
Mystery Dungeon Pokemon Mystery Dungeon: Rescue Team DX
0%
Assorted Pokémon Picross
0%
Assorted Pokemon Play It!
0%
Assorted Pokemon Play It! Version 2
0%
Assorted Pokemon Quest
0%
Ranger Pokemon Ranger: Guardian Signs
0%
Ranger Pokemon Ranger: Shadows of Almia
0%
Rumble Pokemon Rumble Blast
0%
Rumble Pokemon Rumble Rush
0%
Rumble Pokemon Rumble U
0%
Rumble Pokemon Rumble World
0%
Assorted Pokemon Shuffle
0%
Assorted Pokemon Sleep
0%
Mystery Dungeon Pokemon Super Mystery Dungeon
0%
Assorted Pokemon Unite
0%
Pokepark PokePark 2: Wonders Beyond
0%
Pokepark PokePark Wii: Pikachu's Adventure
0%
Assorted Pokken Tournament
0%
No matching quizzes found
Score Distribution
Percent of People with Each Score
Percentile by Number Answered
Your Score History
You have not taken this quiz